Science Quiz

Random Science or Math Quiz

Fraction Frustration Quiz Stats

 Plays Quiz Updated Mar 30, 2012

Challenge
Share
Tweet
Embed
Score 0/50 Timer 05:00
6 Plays Today
Equation Answer % Correct
1/2 + 1/21
75.2%
2/4 + 2/41
74.9%
2/2 + 2/22
74.7%
1/4 + 1/41|2
74.7%
1/3 + 1/32|3
74.7%
1/9 + 1/92|9
74.7%
1/5 + 1/52|5
74.6%
2/5 + 2/54|5
74.6%
1/7 + 1/72|7
74.6%
1/8 + 1/81|4
74.5%
3/3 + 3/32
74.5%
1/10 + 1/101|5
74.3%
3/7 + 3/76|7
74.3%
2/7 + 2/74|7
74.3%
1/6 +1/61|3
74.3%
4/2 + 4/24
74.2%
4/9 + 4/98|9
74.2%
2/9 + 2/94|9
74.2%
2/10 + 2/102|5
74%
2/8 + 2/81|2
74%
2/6 + 2/62|3
74%
3/9 + 3/92|3
73.9%
4/10 + 4/104|5
73.9%
3/2 + 3/23
73.8%
4/7 + 4/71 1/7
73.7%
Equation Answer % Correct
3/5 + 3/51 1/5
73.7%
2/3 + 2/31 1/3
73.7%
4/5 + 4/51 3/5
73.6%
3/8 + 3/83|4
73.6%
3/10 + 3/103|5
73.6%
3/4 + 3/41 1/2
73.2%
4/3 + 4/32 2/3
72.7%
4/6 + 4/61 1/3
72.2%
1/2 + 3/41 1/4
71.3%
1/3 + 1/61|2
71%
1/3 + 3/92|3
70.7%
1/4 + 3/85|8
69.7%
1/2 + 1/35|6
68.8%
1/2 + 1/57|10
68.2%
1/3 + 1/47|12
67.3%
1/8 + 5/41 3/8
67%
1/7 + 1/29|14
65.8%
1/9 + 4/31 4/9
65.8%
1/4 + 5/103|4
64.9%
1/5 + 3/419|20
63.2%
1/6 + 1/713|42
60.4%
3/6 + 3/41 1/4
60.1%
1/5 + 2/717|35
60.1%
1/4 + 1/913|36
59.6%
4/8 + 4/71 1/14
43.7%

You're not logged in!

Compare scores with friends on all Sporcle quizzes.
OR
Log In

You Might Also Like...

Show Comments

Extras

Top Quizzes Today


Score Distribution

Your Account Isn't Verified!

In order to create a playlist on Sporcle, you need to verify the email address you used during registration. Go to your Sporcle Settings to finish the process.

Report this User

Report this user for behavior that violates our Community Guidelines.

Details: